Pemanfaatan Elektronik Goverment dalam Meningkatakan Disiplin Pegawai (Studi Kasus Penggunaan Absensi Elektronik di Kantor Bupati Kabupaten Malinau) (Record no. 17377)
[ view plain ]
| 000 -LEADER | |
|---|---|
| fixed length control field | 00594nam a2200145Ia 4500 |
| 040 ## - CATALOGING SOURCE | |
| Original cataloging agency | ID-SmMUS |
| 084 ## - CALL NUMBER | |
| Call Number (Nomor Katalog) | 75535 YUW Gov Th.1 |
| 100 ## - MAIN ENTRY--AUTHOR NAME | |
| Personal name (Pengarang) | Yuwelsoni |
| 245 #0 - TITLE STATEMENT | |
| Title {Judul} | Pemanfaatan Elektronik Goverment dalam Meningkatakan Disiplin Pegawai (Studi Kasus Penggunaan Absensi Elektronik di Kantor Bupati Kabupaten Malinau) |
| 260 ## - PUBLICATION, DISTRIBUTION, ETC. (IMPRINT) | |
| Place of publication (Tempat Terbit/Kota) | Samarinda |
| Name of publisher (Nama Penerbit) | Universitas Mulawarman |
| Year of publication (Tahun Terbit) | 2016 |
| 300 ## - PHYSICAL DESCRIPTION | |
| Number of Pages (Jumlah Halaman) | xiv + 92 halaman |
| 650 ## - SUBJECT ADDED ENTRY--TOPICAL TERM | |
| Topical Term (Topik 1) | Theses (Skripsi, Tesis, Disertasi) |
| Relator term (Topik 2) | T-H-E |
| Form subdivision (Topik 3) | Skripsi-PIN |
| General subdivision (Topik 4) | Skripsi-PIN-2016-Digital |
| Chronological subdivision (Topik 5) | Meningkatkan Disiplin Kerja |
| 942 ## - ADDED ENTRY ELEMENTS (KOHA) | |
| Koha item type | Theses (Skripsi, Tesis, Disertasi) |
| Withdrawn status | Lost status | Damaged status | Not for loan | Permanent Location (Lokasi Permanen) | Current Location (Lokasi Sekarang) | Shelving location (Lokasi Rak) | Date acquired | Cost, normal purchase price | Full call number (Nomor Katalog) | Barcode | Price effective from | Koha item type | Public note (Keterangan) |
|---|---|---|---|---|---|---|---|---|---|---|---|---|---|
| PIN Library | PIN Library | Bookshelf | 03/26/2022 | 10.00 | 75535 YUW Gov Th.1 | 7553501 | 03/26/2022 | Theses (Skripsi, Tesis, Disertasi) | Syarat Kelulusan |